[Event "EYCC 2017"]
[Site "Mamaia"]
[Date "2017.09.09"]
[Round "5"]
[White "Mammadov, Sadig"]
[Black "Yeritsyan, Aram"]
[Result "0-1"]
[WhiteElo "2099"]
[BlackElo "2264"]
[Annotator "TA"]
[PlyCount "68"]
[EventDate "2017.??.??"]
[EventType "swiss"]
[EventCountry "ROU"]
[SourceTitle "playchess.com"]
[Source "ChessBase"]
[SourceQuality "1"]

{[%evp 20,68,0,0,0,-14,-8,-16,-14,-16,-10,-18,-27,-20,-5,-7,-11,-11,0,0,64,-20,5,-42,22,-28,-19,-14,-8,-1,0,-81,-57,-88,-59,-219,-181,-310,-286,-712,-689,-937,-925,-2280,-2200,-29981,-29982,-29982,-29983,-29981,-29982]} 1. e4 e5 2. Nf3 Nc6 3. Bb5 {[%cal Bf1b5,Bb5a4,Ba4b3][%mdl 32]} a6 4. Ba4 Nf6 5. d3 b5 6. Bb3 Be7 7. O-O O-O 8. Re1 d6 9. Nbd2 Na5 10. Nf1 Nxb3 11. axb3 c5 {C88: Closed Ruy Lopez: Anti-Marshall Systems} 12. Ng3 Re8 13. h3 Bf8 {The position is equal.} 14. c4 $146 ({Predecessor:} 14. Qe2 h6 15. Bd2 g6 16. Nh2 Bg7 {1-0 (44) Fluvia Poyatos,J (2459)-Garcia Ortega Mendez,J (2164) Melilla 2008}) 14... Be6 15. Bg5 h6 16. Be3 a5 17. Nd2 Qb6 18. Qf3 Nh7 19. Nf5 Be7 ({Black should play} 19... Red8 $11) 20. g4 (20. Nxe7+ $14 Rxe7 21. Qg3) 20... a4 21. Kh2 Bg5 (21... bxc4 $15 22. dxc4 Qc6) 22. h4 Bxe3 23. Qxe3 {next cxb5 is good for White.} axb3 24. cxb5 {Strongly threatening Nc4.} Bxf5 25. exf5 (25. gxf5 $11 {keeps the balance.} Nf6 26. Rxa8 Rxa8 27. Rg1) 25... Rxa1 26. Rxa1 d5 27. Nxb3 $2 {[#]} (27. Qf3 $1 $15) 27... Qxb5 $19 28. Ra3 (28. Nd2 {was the only defense.}) 28... Nf6 29. f3 $2 (29. Qh3 h5 30. gxh5) 29... e4 30. Nd2 exf3 31. Qxf3 Qxb2 32. Qg2 Qxa3 {Black mates.} 33. g5 Qxd3 34. gxf6 Re2 {Precision: White = 18%, Black = 52%.} 0-1

[Event "EYCC 2017"]
[Site "Mamaia"]
[Date "2017.09.09"]
[Round "5"]
[White "Eizaguerri Floris, Maria"]
[Black "Berdnyk, Mariia"]
[Result "0-1"]
[WhiteElo "2098"]
[BlackElo "2055"]
[Annotator "NA"]
[PlyCount "84"]
[EventDate "2017.??.??"]
[EventType "swiss"]
[EventCountry "ROU"]
[SourceTitle "playchess.com"]
[Source "ChessBase"]
[SourceQuality "1"]
[TimeControl "40/5400+30:1800+30"]

1. e4 {[%emt 0:00:00]} c5 {[%emt 0:00:04]} 2. c3 {[%emt 0:00:00]} d5 {[%emt 0:00:04]} 3. exd5 {[%emt 0:00:00]} Qxd5 {[%emt 0:00:04]} 4. Na3 {[%emt 0:00:19]} e5 {[%emt 0:11:43]} 5. Nf3 {[%emt 0:02:15]} Nc6 {[%emt 0:02:44]} 6. Bc4 {[%emt 0:01:32]} Qd8 {[%emt 0:05:03]} 7. O-O {[%emt 0:05:13]} Bd6 {[%emt 0:03:01]} 8. Re1 {[%emt 0:07:40]} Nf6 {[%emt 0:08:29]} 9. d4 {[%emt 0:05:26]} cxd4 {[%emt 0:00:43]} 10. cxd4 {[%emt 0:04:49]} e4 {[%emt 0:00:58]} 11. Bg5 {[%emt 0:11:12]} O-O {[%emt 0:04:20]} 12. Rxe4 {[%emt 0:01:38]} Bf5 {[%emt 0:01:36]} 13. Re1 {[%emt 0:03:55]} h6 {[%emt 0:12:34]} 14. Bh4 {[%emt 0:07:55]} Bg4 {[%emt 0:03:56]} 15. Nc2 {[%emt 0:02:39]} Rc8 {[%emt 0:04:17]} 16. Bf1 {[%emt 0:09:36]} Bb4 {[%emt 0:04:19]} 17. Re3 {[%emt 0:05:50]} g5 {[%emt 0:01:08]} 18. Bg3 {[%emt 0:01:35]} Nd5 {[%emt 0:00:34]} 19. Nxb4 {[%emt 0:05:01]} Ncxb4 {[%emt 0:00:22]} 20. Rb3 {[%emt 0:03:29]} Bf5 {[%emt 0:05:01]} 21. Ne1 {[%emt 0:02:19]} Re8 {[%emt 0:09:16]} 22. Qd2 {[%emt 0:04:06]} Nc2 {[%emt 0:03:47]} 23. Rd1 {[%emt 0:03:06]} Nxe1 {[%emt 0:02:22]} 24. Rxe1 {[%emt 0:00:07]} Rc2 {[%emt 0:00:10]} 25. Qd1 {[%emt 0:04:23]} Rxe1 {[%emt 0:05:21]} 26. Qxe1 {[%emt 0:00:05]} Qc8 {[%emt 0:00:22]} 27. Qe5 {[%emt 0:02:42]} Be6 {[%emt 0:00:55]} 28. Qb8 {[%emt 0:02:57]} Qxb8 29. Bxb8 {[%emt 0:00:06]} Rc1 {[%emt 0:00:34]} 30. f3 {[%emt 0:01:31]} f5 {[%emt 0:05:24]} 31. Kf2 {[%emt 0:01:11]} Rc2+ {[%emt 0:00:45]} 32. Ke1 {[%emt 0:01:03]} f4 {[%emt 0:00:39]} 33. Rxb7 {[%emt 0:00:42]} Ne3 {[%emt 0:00:18]} 34. Be2 {[%emt 0:01:15]} Nxg2+ {[%emt 0:01:16]} 35. Kd1 {[%emt 0:00:35]} Ne3+ {[%emt 0:00:14]} 36. Ke1 {[%emt 0:00:02]} Ng2+ {[%emt 0:00:33]} 37. Kd1 {[%emt 0:01:27]} Ne3+ {[%emt 0:00:08]} 38. Ke1 {[%emt 0:00:03]} Bd5 {[%emt 0:02:23]} 39. Rxa7 {[%emt 0:00:00]} Rxb2 {[%emt 0:00:00]} 40. Be5 {[%emt 0:00:00]} g4 {[%emt 0:08:28]} 41. Bxf4 {[%emt 0:30:08]} Ng2+ {[%emt 0:00:47]} 42. Kf2 {[%emt 0:00:41]} Nxf4 {[%emt 0:00:07]} 0-1

[Event "EYCC 2017"]
[Site "Mamaia"]
[Date "2017.09.09"]
[Round "5"]
[White "Tadic, Stefan"]
[Black "Mitusov, Semen"]
[Result "1-0"]
[WhiteElo "2074"]
[BlackElo "1917"]
[Annotator "NA RC"]
[PlyCount "193"]
[EventDate "2017.??.??"]
[EventType "swiss"]
[EventCountry "ROU"]
[SourceTitle "playchess.com"]
[Source "ChessBase"]
[SourceQuality "1"]
[TimeControl "40/5400+30:1800+30"]

1. e4 {[%emt 0:00:00]} e5 {[%emt 0:00:46]} 2. Nf3 {[%emt 0:00:15]} Nc6 {[%emt 0:00:09]} 3. Nc3 {[%emt 0:00:33]} Nf6 {[%emt 0:01:26]} 4. Bb5 {[%emt 0:00:32]} Bc5 {[%emt 0:00:58]} 5. O-O {[%emt 0:00:45]} d6 {[%emt 0:00:58]} 6. d4 {[%emt 0:00:30]} exd4 {[%emt 0:00:51]} 7. Nxd4 {[%emt 0:00:23]} Bd7 {[%emt 0:00:51]} 8. Nf5 {[%emt 0:00:50]} O-O {[%emt 0:09:19]} 9. Bg5 {[%emt 0:03:07]} a6 {[%emt 0:08:42]} 10. Ba4 {[%emt 0:10:57]} Be6 {[%emt 0:12:31]} 11. Bxc6 {[%emt 0:08:57]} bxc6 {[%emt 0:00:33]} 12. Qf3 {[%emt 0:00:59]} Bxf5 {[%emt 0:14:11]} 13. Qxf5 {[%emt 0:07:14]} Re8 {[%emt 0:06:08]} 14. Qf3 {[%emt 0:13:26]} Bd4 {[%emt 0:10:31]} 15. Rfe1 {[%emt 0:10:15]} Qd7 {[%emt 0:08:01]} 16. Qd3 {[%emt 0:06:33]} Bxc3 {[%emt 0:02:46]} 17. bxc3 {[%emt 0:00:12]} Qe6 {[%emt 0:00:39]} 18. f3 {[%emt 0:02:08]} Nd7 {[%emt 0:00:36]} 19. Bh4 {[%emt 0:09:49]} Ne5 {[%emt 0:01:18]} 20. Qd4 {[%emt 0:00:36]} c5 {[%emt 0:01:30]} 21. Qa4 {[%emt 0:01:15]} Qc4 {[%emt 0:03:24]} 22. Qa5 {[%emt 0:00:34]} Rac8 {[%emt 0:00:59]} 23. Rab1 {[%emt 0:01:25]} Nc6 {[%emt 0:01:08]} 24. Qa3 {[%emt 0:00:03]} Rb8 {[%emt 0:01:18]} 25. Bf2 {[%emt 0:02:14]} a5 {[%emt 0:00:49]} 26. Red1 {[%emt 0:07:30]} h6 {[%emt 0:00:37]} 27. h3 {[%emt 0:01:14]} a4 {[%emt 0:00:21]} 28. Be1 {[%emt 0:02:16]} Kh7 {[%emt 0:01:03]} 29. Bf2 {[%emt 0:03:56]} Ne5 {[%emt 0:02:10]} 30. Rb2 {[%emt 0:00:43]} Rxb2 {[%emt 0:01:58]} 31. Qxb2 {[%emt 0:00:07]} Re6 {[%emt 0:00:19]} 32. Re1 {[%emt 0:01:24]} Rg6 {[%emt 0:02:29]} 33. Kh2 {[%emt 0:01:01]} Qe6 {[%emt 0:02:13]} 34. f4 {[%emt 0:00:32]} Ng4+ {[%emt 0:01:29]} 35. hxg4 {[%emt 0:00:34]} Qxg4 {[%emt 0:00:09]} 36. g3 {[%emt 0:00:10]} Qf3 {[%emt 0:00:46]} 37. Kg1 {[%emt 0:00:17]} h5 {[%emt 0:00:45]} 38. Qc1 {[%emt 0:01:46]} h4 {[%emt 0:00:51]} 39. Qd1 {[%emt 0:02:25]} Qxc3 {[%emt 0:02:30]} 40. Re3 {[%emt 0:00:00]} Qc4 {[%emt 0:01:00]} 41. a3 {[%emt 0:04:24]} hxg3 {[%emt 0:01:30]} 42. Bxg3 {[%emt 0:00:51]} Re6 {[%emt 0:03:50]} 43. e5 {[%emt 0:06:46]} dxe5 {[%emt 0:01:31]} 44. fxe5 {[%emt 0:00:06]} Qd4 {[%emt 0:02:38]} 45. Qd3+ {[%emt 0:02:11]} Kg8 {[%emt 0:01:33]} 46. Bf2 {[%emt 0:05:42]} Qa1+ {[%emt 0:03:36]} 47. Re1 {[%emt 0:00:22]} Qb2 {[%emt 0:00:16]} 48. Qd8+ {[%emt 0:08:51]} Kh7 {[%emt 0:00:02]} 49. Qh4+ {[%emt 0:00:09]} Kg8 {[%emt 0:00:37]} 50. Qxa4 {[%emt 0:00:28]} Rxe5 {[%emt 0:01:06]} 51. Rd1 {[%emt 0:00:49]} Rg5+ {[%emt 0:01:02]} 52. Kf1 {[%emt 0:00:05]} Qf6 {[%emt 0:00:47]} 53. Qe8+ {[%emt 0:00:12]} Kh7 {[%emt 0:00:01]} 54. Qe4+ {[%emt 0:00:07]} g6 {[%emt 0:00:46]} 55. a4 {[%emt 0:03:28]} Rf5 {[%emt 0:00:44]} 56. Qe3 {[%emt 0:00:19]} Qa6+ {[%emt 0:02:21]} 57. Kg2 {[%emt 0:01:21]} Qc6+ {[%emt 0:02:39]} 58. Kg3 {[%emt 0:01:03]} Qxa4 {[%emt 0:03:02]} 59. Rh1+ {[%emt 0:00:04]} Kg8 {[%emt 0:00:20]} 60. Rh4 {[%emt 0:00:43]} Qc6 {[%emt 0:00:26]} 61. Qe4 {[%emt 0:01:25]} Qd6+ {[%emt 0:03:40]} 62. Kh3 {[%emt 0:00:20]} Kg7 {[%emt 0:01:09]} 63. Bg3 {[%emt 0:01:24]} Qd7 {[%emt 0:01:12]} 64. Kh2 {[%emt 0:00:55]} f6 {[%emt 0:00:59]} 65. Qe3 {[%emt 0:00:47]} g5 {[%emt 0:00:53]} 66. Re4 {[%emt 0:00:04]} Kg6 {[%emt 0:01:18]} 67. Re7 {[%emt 0:00:30]} Qa4 {[%emt 0:01:09]} 68. Qd3 {[%emt 0:01:08]} Qd4 {[%emt 0:01:21]} 69. Qe2 {[%emt 0:00:47]} Rd5 {[%emt 0:00:48]} 70. Qf3 {[%emt 0:01:00]} c6 {[%emt 0:01:37]} 71. Re6 {[%emt 0:00:24]} Rf5 {[%emt 0:00:38]} 72. Qxc6 {[%emt 0:00:31]} Qd2+ {[%emt 0:01:16]} 73. Qg2 {[%emt 0:00:23]} Qxg2+ {[%emt 0:00:16]} 74. Kxg2 {[%emt 0:00:05]} Rd5 {[%emt 0:00:13]} 75. Rd6 {[%emt 0:00:37]} Rf5 {[%emt 0:00:50]} 76. Rc6 {[%emt 0:00:13]} g4 {[%emt 0:00:14]} 77. Bf2 {[%emt 0:00:11]} Rd5 {[%emt 0:00:21]} 78. Rxc5 {[%emt 0:00:07]} Rd2 {[%emt 0:00:05]} 79. Kg3 {[%emt 0:00:08]} f5 {[%emt 0:00:08]} 80. Rc6+ {[%emt 0:00:07]} Kf7 {[%emt 0:00:12]} 81. Be3 {[%emt 0:00:29]} Re2 {[%emt 0:00:07]} 82. Bf4 {[%emt 0:00:11]} Re1 {[%emt 0:00:20]} 83. Bg5 {[%emt 0:00:32]} Rg1+ {[%emt 0:00:24]} 84. Kf2 {[%emt 0:00:04]} Rh1 {[%emt 0:00:11]} 85. Kg2 {[%emt 0:00:20]} Rh5 {[%emt 0:00:26]} 86. Bf4 {[%emt 0:00:13]} Rh3 {[%emt 0:00:12]} 87. Bg3 {[%emt 0:00:08]} Rh8 {[%emt 0:00:09]} 88. Be5 {[%emt 0:00:52]} Re8 {[%emt 0:00:27]} 89. Rf6+ {[%emt 0:00:12]} Ke7 {[%emt 0:00:05]} 90. Rxf5 {[%emt 0:00:16]} Ke6 {[%emt 0:00:11]} 91. Rf2 {[%emt 0:00:15]} Rc8 {[%emt 0:00:22]} 92. Re2 {[%emt 0:00:14]} Kd5 {[%emt 0:00:08]} 93. Kg3 {[%emt 0:00:17]} Re8 {[%emt 0:00:32]} 94. Rd2+ {[%emt 0:00:27]} Kc4 {[%emt 0:00:12]} 95. Bd4 {[%emt 0:00:08]} Re4 {[%emt 0:00:10]} 96. c3 {[%emt 0:00:05]} Kb3 {[%emt 0:00:06]} 97. Rf2 {[%emt 0:00:11]} 1-0

[Event "EYCC 2017"]
[Site "Mamaia"]
[Date "2017.09.09"]
[Round "5"]
[White "Limanovska, Elizabete"]
[Black "Sucikova, Svetlana"]
[Result "0-1"]
[WhiteElo "2071"]
[BlackElo "2055"]
[Annotator "NA"]
[PlyCount "66"]
[EventDate "2017.??.??"]
[EventType "swiss"]
[EventCountry "ROU"]
[SourceTitle "playchess.com"]
[Source "ChessBase"]
[SourceQuality "1"]
[TimeControl "40/5400+30:1800+30"]

1. e4 {[%emt 0:00:00]} c6 {[%emt 0:00:33]} 2. d3 d5 {[%emt 0:01:02]} 3. Nd2 {[%emt 0:00:20]} dxe4 {[%emt 0:01:27]} 4. dxe4 {[%emt 0:00:06]} e5 {[%emt 0:06:46]} 5. Ngf3 {[%emt 0:00:16]} Qc7 {[%emt 0:01:12]} 6. Bc4 {[%emt 0:07:41]} Bg4 {[%emt 0:08:31]} 7. a4 {[%emt 0:05:30]} Nf6 {[%emt 0:01:00]} 8. O-O {[%emt 0:01:16]} Nbd7 {[%emt 0:04:08]} 9. Re1 {[%emt 0:02:03]} a5 {[%emt 0:03:17]} 10. c3 {[%emt 0:09:34]} Bc5 {[%emt 0:04:27]} 11. h3 {[%emt 0:07:01]} Bh5 {[%emt 0:00:40]} 12. Nf1 {[%emt 0:02:33]} Rd8 {[%emt 0:02:00]} 13. Qe2 {[%emt 0:03:44]} O-O {[%emt 0:00:45]} 14. Ng3 {[%emt 0:01:57]} Bg6 {[%emt 0:00:42]} 15. Nh4 {[%emt 0:00:44]} Kh8 {[%emt 0:02:57]} 16. Bg5 {[%emt 0:14:32]} h6 {[%emt 0:05:51]} 17. Bd2 {[%emt 0:07:48]} Nb6 {[%emt 0:02:47]} 18. Nxg6+ {[%emt 0:05:40]} fxg6 {[%emt 0:00:10]} 19. Be3 {[%emt 0:01:06]} Bxe3 {[%emt 0:02:35]} 20. fxe3 {[%emt 0:00:04]} Nxc4 {[%emt 0:00:19]} 21. Qxc4 {[%emt 0:00:03]} Rd2 {[%emt 0:00:13]} 22. Qb3 {[%emt 0:06:41]} Rfd8 {[%emt 0:04:15]} 23. Nf1 {[%emt 0:00:11]} R2d7 {[%emt 0:05:11]} 24. Qc4 {[%emt 0:03:27]} Qd6 {[%emt 0:00:59]} 25. Rad1 {[%emt 0:00:47]} Qxd1 {[%emt 0:00:34]} 26. Rxd1 {[%emt 0:00:03]} Rxd1 {[%emt 0:00:08]} 27. Kh2 {[%emt 0:04:55]} Rb1 {[%emt 0:06:51]} 28. b4 {[%emt 0:00:57]} axb4 {[%emt 0:02:01]} 29. cxb4 {[%emt 0:00:06]} Rdd1 {[%emt 0:03:51]} 30. Ng3 {[%emt 0:00:04]} Rd2 {[%emt 0:00:22]} 31. Qf7 {[%emt 0:01:16]} Rbb2 {[%emt 0:01:02]} 32. Qxg6 {[%emt 0:00:10]} Rxg2+ {[%emt 0:00:07]} 33. Kh1 {[%emt 0:00:02]} Rgc2 {[%emt 0:00:33]} 0-1

[Event "EYCC 2017"]
[Site "Mamaia"]
[Date "2017.09.09"]
[Round "5"]
[White "Shpanko, Nadiia"]
[Black "Schneider, Jana"]
[Result "1/2-1/2"]
[WhiteElo "2065"]
[BlackElo "2231"]
[Annotator "NA"]
[PlyCount "57"]
[EventDate "2017.??.??"]
[EventType "swiss"]
[EventCountry "ROU"]
[SourceTitle "playchess.com"]
[Source "ChessBase"]
[SourceQuality "1"]
[TimeControl "40/5400+30:1800+30"]

1. e4 {[%emt 0:00:00]} e6 {[%emt 0:00:06]} 2. d4 {[%emt 0:00:00]} d5 {[%emt 0:00:07]} 3. Nc3 {[%emt 0:00:00]} Nf6 {[%emt 0:00:09]} 4. e5 {[%emt 0:00:05]} Nfd7 {[%emt 0:00:07]} 5. f4 {[%emt 0:00:15]} c5 {[%emt 0:00:09]} 6. Nf3 {[%emt 0:00:12]} Be7 {[%emt 0:00:12]} 7. Be3 {[%emt 0:00:22]} Nc6 {[%emt 0:00:11]} 8. Qd2 {[%emt 0:00:28]} O-O {[%emt 0:00:12]} 9. Nd1 {[%emt 0:01:37]} cxd4 {[%emt 0:04:46]} 10. Nxd4 {[%emt 0:00:27]} Nc5 {[%emt 0:00:57]} 11. Nf2 {[%emt 0:00:50]} f5 {[%emt 0:05:44]} 12. exf6 {[%emt 0:02:51]} gxf6 {[%emt 0:05:39]} 13. c3 {[%emt 0:15:53]} Nxd4 {[%emt 0:06:33]} 14. Bxd4 {[%emt 0:04:08]} Qc7 {[%emt 0:09:38]} 15. Be2 {[%emt 0:05:35]} Bd7 {[%emt 0:03:57]} 16. O-O {[%emt 0:04:12]} Ne4 {[%emt 0:06:55]} 17. Nxe4 {[%emt 0:08:56]} dxe4 {[%emt 0:00:07]} 18. Qe3 {[%emt 0:01:37]} Bc6 {[%emt 0:10:14]} 19. Qh3 {[%emt 0:04:24]} Bd7 {[%emt 0:07:32]} 20. Qe3 {[%emt 0:00:25]} Bc6 {[%emt 0:00:19]} 21. Qh3 {[%emt 0:07:22]} Bd7 {[%emt 0:05:45]} 22. Bg4 {[%emt 0:10:35]} Qc6 {[%emt 0:04:33]} 23. Kh1 {[%emt 0:03:39]} f5 {[%emt 0:02:25]} 24. Qg3 {[%emt 0:11:17]} fxg4 {[%emt 0:01:41]} 25. Qxg4+ {[%emt 0:00:01]} Kf7 {[%emt 0:00:07]} 26. Qh5+ {[%emt 0:00:03]} Kg8 {[%emt 0:00:07]} 27. Qg4+ {[%emt 0:00:08]} Kf7 {[%emt 0:00:06]} 28. Qh5+ {[%emt 0:00:09]} Kg8 {[%emt 0:00:07]} 29. Qg4+ {[%emt 0:00:02]} 1/2-1/2

[Event "EYCC 2017"]
[Site "Mamaia"]
[Date "2017.09.09"]
[Round "5"]
[White "Sargsyan, Anna M"]
[Black "Afonasieva, Anna"]
[Result "1-0"]
[WhiteElo "2047"]
[BlackElo "2263"]
[Annotator "NA"]
[PlyCount "68"]
[EventDate "2017.??.??"]
[EventType "swiss"]
[EventCountry "ROU"]
[SourceTitle "playchess.com"]
[Source "ChessBase"]
[SourceQuality "1"]
[TimeControl "40/5400+30:1800+30"]

1. c4 {[%emt 0:00:00]} c6 {[%emt 0:00:06]} 2. e4 {[%emt 0:00:00]} d5 {[%emt 0:00:05]} 3. cxd5 {[%emt 0:00:00]} cxd5 {[%emt 0:00:04]} 4. exd5 {[%emt 0:00:00]} Nf6 {[%emt 0:00:05]} 5. Qa4+ {[%emt 0:00:00]} Nbd7 {[%emt 0:00:44]} 6. Nc3 {[%emt 0:00:00]} g6 {[%emt 0:00:33]} 7. Nf3 {[%emt 0:00:00]} Bg7 {[%emt 0:00:20]} 8. Bc4 {[%emt 0:00:04]} O-O {[%emt 0:00:23]} 9. d3 {[%emt 0:00:03]} a6 {[%emt 0:00:33]} 10. Qa3 {[%emt 0:00:06]} b6 {[%emt 0:00:39]} 11. O-O {[%emt 0:00:25]} Bb7 {[%emt 0:00:36]} 12. Re1 {[%emt 0:00:58]} Re8 {[%emt 0:01:38]} 13. Ng5 {[%emt 0:00:33]} b5 {[%emt 0:06:36]} 14. Bb3 {[%emt 0:00:05]} Nb6 {[%emt 0:01:05]} 15. d6 {[%emt 0:00:23]} e6 {[%emt 0:00:42]} 16. Nge4 {[%emt 0:00:15]} Nxe4 {[%emt 0:09:20]} 17. Nxe4 {[%emt 0:00:47]} a5 {[%emt 0:02:47]} 18. Qc5 {[%emt 0:18:43]} a4 {[%emt 0:14:10]} 19. Bg5 {[%emt 0:14:02]} Qd7 {[%emt 0:04:18]} 20. Qxb6 {[%emt 0:07:28]} Bxe4 {[%emt 0:00:25]} 21. dxe4 {[%emt 0:00:33]} axb3 {[%emt 0:00:13]} 22. axb3 {[%emt 0:00:11]} Be5 {[%emt 0:10:35]} 23. Rxa8 {[%emt 0:06:49]} Rxa8 {[%emt 0:00:05]} 24. Be7 {[%emt 0:00:05]} Rc8 {[%emt 0:03:43]} 25. g3 {[%emt 0:02:20]} h5 {[%emt 0:07:20]} 26. Ra1 {[%emt 0:03:01]} h4 {[%emt 0:06:30]} 27. gxh4 {[%emt 0:00:44]} Rc6 {[%emt 0:02:41]} 28. Ra8+ {[%emt 0:00:23]} Kh7 {[%emt 0:00:20]} 29. Qb8 {[%emt 0:00:06]} Rxd6 {[%emt 0:06:08]} 30. Qg8+ {[%emt 0:00:58]} Kh6 {[%emt 0:00:06]} 31. Bg5+ {[%emt 0:00:18]} Kh5 {[%emt 0:00:12]} 32. Qh7+ {[%emt 0:00:03]} Kg4 {[%emt 0:00:09]} 33. Kg2 {[%emt 0:00:03]} Rd3 {[%emt 0:01:51]} 34. Rd8 {[%emt 0:00:54]} Qxd8 1-0

[Event "EYCC 2017"]
[Site "Mamaia"]
[Date "2017.09.09"]
[Round "5"]
[White "Allahverdiyeva, Ayan"]
[Black "Nguyen, Thao Nhi"]
[Result "1-0"]
[WhiteElo "2042"]
[BlackElo "1747"]
[Annotator "NA"]
[PlyCount "57"]
[EventDate "2017.??.??"]
[EventType "swiss"]
[EventCountry "ROU"]
[SourceTitle "playchess.com"]
[Source "ChessBase"]
[SourceQuality "1"]
[TimeControl "40/5400+30:1800+30"]

1. e4 {[%emt 0:00:00]} Nf6 {[%emt 0:00:05]} 2. e5 {[%emt 0:00:00]} Nd5 {[%emt 0:00:06]} 3. d4 {[%emt 0:00:00]} d6 {[%emt 0:00:17]} 4. c4 {[%emt 0:00:00]} Nb6 {[%emt 0:00:08]} 5. f4 {[%emt 0:00:06]} dxe5 {[%emt 0:00:21]} 6. fxe5 {[%emt 0:00:05]} Nc6 {[%emt 0:00:19]} 7. Be3 {[%emt 0:00:07]} Bf5 {[%emt 0:00:40]} 8. Nc3 {[%emt 0:00:30]} e6 {[%emt 0:00:56]} 9. Nf3 {[%emt 0:00:29]} Be7 {[%emt 0:01:12]} 10. d5 {[%emt 0:00:25]} exd5 {[%emt 0:00:35]} 11. cxd5 {[%emt 0:01:16]} Nb4 {[%emt 0:00:38]} 12. Nd4 {[%emt 0:00:33]} Bd7 {[%emt 0:00:21]} 13. e6 {[%emt 0:03:58]} fxe6 {[%emt 0:01:03]} 14. dxe6 {[%emt 0:00:16]} Bc6 {[%emt 0:00:15]} 15. Qg4 {[%emt 0:03:36]} Bh4+ {[%emt 0:05:06]} 16. g3 {[%emt 0:01:16]} O-O {[%emt 0:01:03]} 17. gxh4 {[%emt 0:06:24]} Bxh1 {[%emt 0:03:12]} 18. O-O-O {[%emt 0:00:40]} Qf6 {[%emt 0:02:06]} 19. Be2 {[%emt 0:08:00]} (19. Bh3 $11 N6d5 20. Bg5) 19... Bc6 {[%emt 0:17:28]} 20. Bg5 {[%emt 0:07:06]} Qe5 {[%emt 0:17:49]} 21. e7 {[%emt 0:00:58]} Rfe8 {[%emt 0:02:23]} 22. Nf5 {[%emt 0:02:01]} h5 {[%emt 0:12:39]} 23. Qxb4 {[%emt 0:19:18]} Qxf5 {[%emt 0:00:17]} 24. Bxh5 {[%emt 0:04:51]} g6 {[%emt 0:11:32]} 25. Be2 {[%emt 0:00:19]} a5 {[%emt 0:03:25]} 26. Qd4 {[%emt 0:05:07]} Bd7 {[%emt 0:09:30]} 27. Rf1 {[%emt 0:02:22]} Qh3 {[%emt 0:02:02]} 28. Rf3 {[%emt 0:00:26]} Qxh2 {[%emt 0:01:00]} 29. Bc4+ 1-0

[Event "EYCC 2017"]
[Site "Mamaia"]
[Date "2017.09.09"]
[Round "5"]
[White "Hercog, Nusa"]
[Black "Guillo Longares, Cecilia"]
[Result "1/2-1/2"]
[WhiteElo "2034"]
[BlackElo "1810"]
[Annotator "NA"]
[PlyCount "86"]
[EventDate "2017.??.??"]
[EventType "swiss"]
[EventCountry "ROU"]
[SourceTitle "playchess.com"]
[Source "ChessBase"]
[SourceQuality "1"]
[TimeControl "40/5400+30:1800+30"]

1. d4 {[%emt 0:00:00]} Nf6 {[%emt 0:00:04]} 2. c4 {[%emt 0:00:00]} c5 {[%emt 0:00:03]} 3. d5 {[%emt 0:00:00]} e6 {[%emt 0:00:04]} 4. Nc3 {[%emt 0:00:02]} exd5 {[%emt 0:00:03]} 5. cxd5 {[%emt 0:00:05]} d6 {[%emt 0:00:07]} 6. Nf3 {[%emt 0:00:16]} g6 {[%emt 0:00:06]} 7. Qa4+ {[%emt 0:00:29]} Bd7 {[%emt 0:01:47]} 8. Qb3 {[%emt 0:00:41]} Qb6 {[%emt 0:03:47]} 9. e4 {[%emt 0:03:33]} Na6 {[%emt 0:07:16]} 10. Bg5 {[%emt 0:03:46]} Bg7 {[%emt 0:00:56]} 11. Qxb6 {[%emt 0:06:03]} axb6 {[%emt 0:00:17]} 12. Nd2 {[%emt 0:01:24]} Nb4 {[%emt 0:02:56]} 13. Rc1 {[%emt 0:04:14]} Kd8 {[%emt 0:14:01]} 14. a3 {[%emt 0:03:51]} Na6 {[%emt 0:00:19]} 15. Bd3 {[%emt 0:20:36]} Kc7 {[%emt 0:02:26]} 16. O-O {[%emt 0:07:10]} Ng4 {[%emt 0:03:40]} 17. h3 {[%emt 0:04:03]} Ne5 {[%emt 0:01:12]} 18. Be2 {[%emt 0:02:20]} f5 {[%emt 0:07:23]} 19. f4 {[%emt 0:13:46]} Nf7 {[%emt 0:02:57]} 20. Bh4 {[%emt 0:02:22]} Rae8 {[%emt 0:06:45]} 21. Bd3 {[%emt 0:02:51]} Nh6 {[%emt 0:08:40]} 22. Rce1 {[%emt 0:05:07]} fxe4 {[%emt 0:02:29]} 23. Ndxe4 {[%emt 0:00:36]} Bd4+ {[%emt 0:01:32]} 24. Bf2 {[%emt 0:01:22]} Nf5 {[%emt 0:00:28]} 25. g4 {[%emt 0:01:51]} Bxf2+ {[%emt 0:00:42]} 26. Kxf2 {[%emt 0:00:53]} Nd4 {[%emt 0:01:01]} 27. Kg3 {[%emt 0:01:18]} Rhf8 {[%emt 0:06:46]} 28. Ne2 {[%emt 0:03:24]} Nxe2+ {[%emt 0:04:04]} 29. Rxe2 {[%emt 0:00:11]} b5 {[%emt 0:00:20]} 30. b3 {[%emt 0:00:58]} Rf7 {[%emt 0:04:46]} 31. Rfe1 {[%emt 0:02:23]} Ref8 {[%emt 0:07:40]} 32. Rf1 {[%emt 0:00:18]} Re8 {[%emt 0:00:14]} 33. Rff2 {[%emt 0:01:00]} Rfe7 {[%emt 0:01:10]} 34. Nf6 {[%emt 0:02:55]} Re3+ {[%emt 0:00:08]} 35. Rxe3 {[%emt 0:00:14]} Rxe3+ {[%emt 0:00:06]} 36. Rf3 {[%emt 0:00:04]} Re7 {[%emt 0:00:06]} 37. Nxd7 {[%emt 0:00:19]} Kxd7 {[%emt 0:00:20]} 38. Bxb5+ {[%emt 0:00:06]} Kd8 {[%emt 0:00:49]} 39. Bxa6 {[%emt 0:02:09]} bxa6 {[%emt 0:00:14]} 40. Kh4 {[%emt 0:00:00]} Ke8 {[%emt 0:04:22]} 41. Kg5 {[%emt 0:15:22]} Kf7 {[%emt 0:01:24]} 42. f5 {[%emt 0:03:25]} gxf5 {[%emt 0:01:28]} 43. Rxf5+ {[%emt 0:02:30]} Kg7 {[%emt 0:00:14]} 1/2-1/2